000 00550nam a2200181Ia 4500
008 100920s9999 xx 000 0 und d
082 _b66486
_a891.464 थ 92
100 _aसप्रे मधुवंती.
245 _aसमाज-ऋण.
260 _bमेहता पब्लिशिंग हाऊस, पुणे 30.
_c1992
300 _a84
_bसाधी
365 _b35
520 _aनिबंध.
630 _aसमाज-ऋण.
650 _aनिबंध.
730 _aसमाज-ऋण.
942 _cBOOK
999 _c709095
_d709092